00451nam a2200169Ia 4500008004100000041001200041082001700053100001500070245004500085365000700130520001400137546001200151630004500163650001400208655001400222730004500236101110s9999 xx 000 0 und d aMARATHI bSR14909a334 aKamat G.S. aSahakar : Tatva, Vyavhar Ani Vyavsthapan b25 aEconomics aMARATHI aSahakar : Tatva, Vyavhar Ani Vyavsthapan aEconomics aEconomics aSahakar : Tatva, Vyavhar Ani Vyavsthapan